000 00628nam a22002057a 4500
005 20221028114927.0
008 221028b ||||| |||| 00| 0 eng d
020 _a1931035091
040 _cAL
041 _aEnglish
082 _223
_a322.10951
_bNORC
100 _aNorth America Falun Dafa Associations
_960407
245 _aConsonantia: Reflections of Respect
_bHonors Awarded Falun Dafa
260 _aUSA
_bGolden Lotus Press
300 _a161 p.
_bPB
_c29x22 cm.
650 _aFalun Gong (Organization)
_960408
650 _aAwards
_960409
700 _aNORTH AMERICA FALUN DAFA ASSOCIATIONS
_960410
942 _2ddc
_cGF
999 _c224931
_d224931